| 000 | 01208nam a22002657a 4500 | ||
|---|---|---|---|
| 003 | UA-OsUOA | ||
| 001 | 110128 | ||
| 007 | ta | ||
| 008 | 20150219b un ||||| |||| 00| 0 ukr d | ||
| 100 | _aБалух В. О. | ||
| 090 |
_a23/28(477) _bБ20 |
||
| 942 | _cBK | ||
| 040 |
_aUA-OsUOA _bukr _cUA-OsUOA _dUA-OsUOA |
||
| 245 |
_aКультурно-просвітницькі та ідейно-ціннісні виміри осмислення християнського вчення _bмонографія |
||
| 300 | _a464 с. | ||
| 955 | _a1 | ||
| 041 | _aukr | ||
| 080 | _a23/28(477) | ||
| 020 | _a978-966-2771-38-1 | ||
| 591 | _aПасічник І. Д. | ||
| 520 | 3 | _aЗміст1. Християнство на теренах України: проблемно-дискурсний аналіз2.Формування християнського вчення й організаційної структури Церкви3.Парадигми середньовічної та новочасної богословської думки | |
| 260 |
_aЧернівці _bЧНУ _c2014 |
||
| 650 | 7 |
_a23/28 Християнство. Християнська релігія _2UDC |
|
| 999 |
_c396170 _d396170 |
||